| 000 | 01371nam a2200217Ia 4500 | ||
|---|---|---|---|
| 003 | Ost | ||
| 005 | 20260507075556.0 | ||
| 008 | 260507s9999||||xx |||||||||||||| ||und|| | ||
| 040 | _cfsecg | ||
| 041 | _aara | ||
| 082 | _a330 | ||
| 100 |
_aجاسم، مجيد _eمؤلف |
||
| 245 | 0 |
_aالادارة الحديثة والنظم الالكترونية / _c مجيد جاسم |
|
| 260 |
_aالاسكندرية: _bمؤسسة شباب الجامعة, _c2005 |
||
| 300 |
_a158 صفحة؛ _c24 سم |
||
| 520 | _aتطور مراحل الصناعة عبر العصور و علم الادارة و ارتباطه بالصناعة الحديثة و النظم الالكترونية الحديثة و ادارة العمليات الصناعية الحديثة, اضافة الى تصميم و تفعيل عمليات الانتاج و مفهوم جديد لنظام الانتاج بالنظم الالكترونية الحديثة و دراسة الوقت و كذا المنتج مجال الاكتشاف و البحث, كذلك التخطيط الاستراتيجي للمصنع الالكتروني وفي الاخير سياسات الانتاج للمصنع الالكتروني. | ||
| 653 | _aالادارة الحديثة | ||
| 653 | _aالنظم الالكترونية | ||
| 653 | _aنظم المعلومات- المؤسسة الممتدة | ||
| 942 | _cكتاب | ||
| 999 |
_c44963 _d44963 |
||